Statistics for 5 Most Populous Countries

Click here to take the quiz!

General Stats

  • This quiz has been taken 36 times
  • The average score is 4 of 5

Answer Stats

HintAnswer% Correct
1. Found in AsiaChina
97%
2. Found in AsiaIndia
94%
5. Found in South AmericaBrazil
89%
4. Found in AsiaIndonesia
78%
3. Found in North AmericaUnited States
78%

Score Distribution

Percentile by Number Answered

Percent of People with Each Score

Your Score History

You have not taken this quiz